00825cam a2200241 a 450000100100000000500170001000800410002702000150006804000230008308200170010610000580012324500360018126000330021730000270025049000290027765000290030665000310033583000380036691000340040404900090043895201210044799900150056800001011320200929161841.0890607s1988 sp a 001 0 spa  a847517261X aDO-SdBNPcDLCdDLC a861.64bJ91a1 aJuaristi, Jon.d1951-q(Jon Juaristi Linacero)92511110aArte de marear /cJon Juaristi. aMadrid :bHiperión,c1988. a58 p. :bil. ;c20 cm.1 aPoesía Hiperiónv137 4aPoesía española9631 4aLiteratura española9632 0aPoesía Hiperión ;v137914707 aCatalogación por copia / LC aBNGR 001052708MOaGRbGRcCTd2009-10-03iLF1l0o861.64 J91ap10113-10r2020-06-25w2020-06-25y2ZPréstamo interno c9872d9872